Language Quiz

Random Language or Animal Quiz
Score 0/24 Timer 08:00
2 Plays Today
Question Answer Wrong Answers
What animal is il leone? Lion
91.9%
Snake
0.6%
Frog
0.8%
Turtle
0.5%
What animal is il serpente? Snake
91.7%
Frog
1.6%
Turtle
0.5%
Lion
0.3%
What animal is la tartaruga? Turtle
89.5%
Snake
1.4%
Frog
2.2%
Lion
0.6%
What animal is il gatto? Cat
88.6%
Dog
1.5%
Rabbit
1.7%
Pig
2.2%
What animal is la volpe? Fox
86.4%
Bear
1.7%
Skunk
3.4%
Sheep
2.6%
What animal is il cane? Dog
85.3%
Cat
3%
Rabbit
3.3%
Pig
2.4%
What animal is l'orso? Bear
83.3%
Fox
3.7%
Skunk
3.2%
Sheep
4%
What animal is la farfalla? Butterfly
80.9%
Ant
3.4%
Bee
4.2%
Bat
5.5%
What animal is il cavallo? Horse
79.7%
Cow
9.3%
Goat
3.6%
Raccoon
1.4%
What animal is il coniglio? Rabbit
74.2%
Cat
3.4%
Dog
3.1%
Pig
13%
What animal is la puzzola? Skunk
73.6%
Bear
4.3%
Fox
9.9%
Sheep
5.9%
What animal is la capra? Goat
72.8%
Cow
7.4%
Raccoon
6.4%
Horse
7.3%
What animal is la formica? Ant
69.8%
Bee
7.4%
Butterfly
10.1%
Bat
6.5%
What animal is la rana? Frog
68.8%
Snake
9%
Turtle
6.2%
Lion
10%
What animal is la mucca? Cow
67.2%
Goat
11.6%
Raccoon
11.9%
Horse
3.2%
What animal is il procione? Raccoon
66.1%
Cow
7.2%
Goat
13%
Horse
7.5%
What animal is l'ape? Bee
65.5%
Ant
12%
Butterfly
3.4%
Bat
12.8%
What animal is il pavone? Peacock
61.6%
Duck
19.9%
Eagle
5.3%
Owl
6.8%
What animal is l'aquila? Eagle
61.2%
Duck
21%
Owl
5%
Peacock
6.6%
What animal is il maiale? Pig
57.2%
Cat
7.1%
Dog
3.4%
Rabbit
26%
What animal is il pipistrello? Bat
55.6%
Ant
8.6%
Bee
9%
Butterfly
20.8%
What animal is l'anatra? Duck
55%
Eagle
11%
Owl
13.6%
Peacock
14.3%
What animal is il gufo? Owl
54.2%
Duck
25.1%
Eagle
6.8%
Peacock
7.7%
What animal is la pecora? Sheep
52%
Bear
4.3%
Fox
17.2%
Skunk
20.3%
Remove Ads.
Support Sporcle.
Get the best of Sporcle when you Go Orange. This ad-free experience offers more features, more stats, and more fun while also helping to support Sporcle. Thank you for becoming a member.

You're not logged in!

Compare scores with friends on all Sporcle quizzes.
OR
Log In

Show Comments

Extras

Top Quizzes Today


Score Distribution

Your Account Isn't Verified!

In order to create a playlist on Sporcle, you need to verify the email address you used during registration. Go to your Sporcle Settings to finish the process.

Report this User

Report this user for behavior that violates our Community Guidelines.

Details: